Statistics for Supergroups by Band Members

Click here to take the quiz!

General Stats

  • This quiz has been taken 31 times
  • The average score is 2 of 12

Answer Stats

Band MembersSupergroup% Correct
Harrison, Dylan, Petty,Lynn, OrbisonTraveling Wilburys
62%
Cornell, Morello, Wilk, CommerfordAudioslave
31%
Weiland, Slash, McKagan, Sorum, KushnerVelvet Revolver
31%
Cash, Jennings, Nelson, KristoffersonThe Highwaymen
28%
Rodgers, Ralph, Burrell, KirkBad Company
17%
Hagar, Satriani, Anthony, SmithChickenfoot
14%
Cooper, Depp, PerryHollywood Vampires
14%
Jones, Poynter, Judd, Fletcher, Bourne, WillisMcBusted
14%
Angello, Axwell, IngrossoSwedish House Mafia
10%
Appice, Butler, Dio, IommiHeaven and Hell
7%
DeLonge, Kennedy, Rubin, WachterAngels & Airwaves
0%
Jones, McKagan, Sorum, TaylorNeurotic Outsiders
0%

Score Distribution

Percentile by Number Answered

Percent of People with Each Score

Your Score History

You have not taken this quiz